| 000 | 00487nam a2200193Ia 4500 | ||
|---|---|---|---|
| 005 | 20250508152453.0 | ||
| 008 | 008 250505s9999 xx 000 0 eng d | ||
| 037 | _aBooks to be hide in OPAC | ||
| 040 |
_aFEDL _beng _cFEDL |
||
| 041 |
_aeng _2eng |
||
| 084 |
_a320, GET/O _qFEDL |
||
| 100 |
_aGettell R G _9761553 |
||
| 245 | 0 | _aPolitical science | |
| 260 | _c1959 | ||
| 300 | _a502p. | ||
| 365 |
_aINR _b10.5 |
||
| 942 |
_cHB _h320, GET/O |
||
| 999 |
_c1336626 _d1336626 |
||